Дело о внешкольном и дошкольном образовании в Олонецкой губернии

RUSMARC
00006016cbc2a2200241#x 450
0012bac1ef5-1398-4c33-b337-47e3dd4ae545
00520240702142807.0
100##$a20200630l19161917k l0rusy0189 ca
1010#$arus
102##$aRU
105##$ay###
1222#$ad19160318##
$ad19170930##
2001#$aДело о внешкольном и дошкольном образовании в Олонецкой губернии
$j18 марта 1916 г. - 30 сентября 1917 г.
215##$a36 листов
$d36,5х26 см
251##$cДело
300##$aМашинописный текст
371##$aДокумент не является опубликованным и широко распространяемым
461#0$1001a74412a3-3cc5-4d21-8f0a-dfe2fbd9e72d
$12001
$aДепартамент народного просвещения Министерства народного просвещения
$1251
$cФонд
$1852
$j733
462#0$10017c341eff-99b0-43df-a27b-1cb6bf711e67
$12001
$aДела разряда учительских институтов, семинарий и низших учебных заведений за 1916 г.
$vД. 351
$1251
$cОпись
$1852
$j183
801#0$aRU
$bРГИА
$c20200630
801#1$aRU
$bГлавНИВЦ
$c20200630
$2rusmarc
801#2$aRU
$bПБ им. Б.Н. Ельцина
$c20201224
$gRCR
$2rusmarc
850##$aФедеральное казенное учреждение "Российский государственный исторический архив"
852##$aРГИА
$j351
937##$hРГИА
$d12344409
$aASBIBLIO_SCAN
035##$aRusGRCC00006781
856##$uhttp://readingroom.main.prlib.ru/item.aspx?id_node=n153018212&mode=full
6061#$2prlib_sh
$3LIBNET\UAF\0000109327
$aДошкольное образование$
$yОлонецкая губерния
$zнач. 20 в.
$jАрхивные дела
6061#$2prlib_sh
$3LIBNET\UAF\0000109328
$aВнешкольное образование
$yОлонецкая губерния
$zнач. 20 в.
$jАрхивные дела
6061#$2nlr_sh
$3RU\NLR\AUTH\6601715501
$aНародные чтения
$jАрхивные дела
686##$2rubbk
$a74.1ю11
$vLBC/M
686##$2rubbk
$a74.200.58ю11
$vLBC/M
686##$2rubbk
$a63.3(28-8Оло)53ю11
$vLBC/M
605##$2acquisition_Prlib
$3LIBNET\UAF\0000107109
$aИстория образования в России
$lколлекция
605##$2acquisition_Prlib
$3DITM\AF\0000002775
$aВласть
$lколлекция
605##$2acquisition_Prlib
$3DITM\AF\0000003834
$aНарод
$lколлекция
605##$aРеспублика Карелия: страницы истории
$lколлекция
$2acquisition_Prlib
$3LIBNET\UAF\0000062048
Формат отображения